| 000 | 00587cam a22002411 4500 | ||
|---|---|---|---|
| 001 | sa 65007776 | ||
| 003 | DLC | ||
| 005 | 20260227112151.0 | ||
| 008 | 940602s1965 pk 000 1 urdo | ||
| 010 | _asa 65007776 | ||
| 025 | _aPL480:P-U-1249 | ||
| 035 | _a(OCoLC)30538246 | ||
| 040 |
_aDLC _cCU _dCU _dDLC |
||
| 042 | _apremarc | ||
| 050 | 0 | 0 |
_aPK2200.H342 _bR3 |
| 100 | 1 |
_aHamid, Abdul, _d1928-2011. |
|
| 245 | 1 | 0 | _aRaushnī kā dāg̲h̲. |
| 260 | _c[1965] | ||
| 300 |
_a142 p. _c18 cm. |
||
| 500 | _aIn Urdu. | ||
| 500 | _aText partially vocalized. | ||
| 500 | _aA novel. | ||
| 999 |
_c65366 _d65366 |
||